02787cam a22004574i 4500003000900000005001700009008004100026035002000067040003300087099001900120100004000139245009400179264001000273300002100283336002100304337002500325338002300350502005900373504002400432520131300456526001001769526001001779526000901789526000901798526000901807526000901816526000901825526000901834526000901843526000801852526000801860526000801868526000801876526000801884650006501892596000601957942001501963999012301978980005502101952017302156PE-LiUPU20250731165429.0160212s1995 pe grm 000 0 spa d a(Sirsi) a156111 aPE-LiUPUbspacPE-LiUPUerda aIE 2bC74 19951 aContreras Lagos, Carmen Dinaeautor1 aManual de laboratorio para escolares del Nivel Secundario /cCarmen Dina Contreras Lagos. 0c1995. a55 hojas c30 cm atext2rdacontent aunmediated2rdamedia avolume2rdacarrier aTesisb(Lic.) -- cUniversidad Peruana Unión,d1995. aIncluye referencias3 aEl presente cuaderno de Ciencias Naturales para el 2º grado de Educación Secundaria ha sido preparado con la finalidad de ayudar en el proceso Enseñanza - Aprendizaje al binomio maestro alumno. Las actividades que en él se presentan han sido elaboradas tomando en cuenta lo siguiente. - Las prácticas se han diseñado de manera que plantean al alumno situaciones y se formulen una serie de interrogantes que le obliguen tanto analizar los resultados, como investigar más sobre el tema tratado. - Los estudiantes que utilicen este material auxiliar, han de tener buen aprendizaje, pues todo lo que va ha formar parte de su cultura científica, lo han de adquirir por su propios medios, investigando en su texto de consulta, realizando las practicas programadas observando e interpretando los fenómenos de la naturaleza, desarrollando las interrogantes, trabajando los esquemas y resolviendo los problemas que contiene el cuaderno, siguiendo las instrucciones bajo la orientación del profesor. - Las prácticas han sido preparadas teniendo en cuenta el material barato y accesible en el medio donde se encuentra el alumno, para adquirirlo. - Al final de cada practica se incluyen las preguntas y los problemas necesarios que el alumno debe resolver, para su autoevaluación correspondiente. aSEG44 aSEG26 aP151 aP150 aP149 aP146 aP145 aP126 aP125 aP92 aP75 aP74 aP27 aP1504aLaboratoriosxEducación SecundariaxManuales,Guías, etc. a1 2ddccTESIS aIE 2 C74 1995wALPHANUMc8794iT00531lCCODEBUL3mBULr1sYtTESISu2016-2-12xEDUCACIONzUNKNOWNo.STAFF. Tesisd8794 81gALBERTO SANCHEZ Responsable de Automatización r2022-07-06 00:00:00l0oIE 2 C74 1995pT00531te1w2016-02-12yTESISzEste Ítem NO se presta por ser Ejemplar #1.102ddc718TESISf#N/DaBULbBULcTESISd2016-02-12